000
00277nam a2200097Ia 4500
001
798539
005
20250826170829.0
008
250824s9999 xx 000 0 und d
245
0
_a
SÜPER SELİM AYASOFYA DA ESRARENGİZ KAYIP
_c
SÜLEYMAN EZBER
260
_b
UĞUR BÖCEĞİ YAYINLARI
999
_c
798539
_d
798539